Statystyki dla Stolice państw Ameryki Południowej

Kliknij tutaj aby rozwiązać quiz!

Ogólne statystyki

  • Ten quiz został rozwiązany 76 razy
  • Średni wynik to 8 z 14

Statystyki odpowiedzi

PaństwoStolica% Poprawnych
ArgentynaBuenos Aires
92%
BrazyliaBrasilia
89%
PeruLima
70%
UrugwajMontevideo
70%
ChileSantiago
68%
KolumbiaBogota
62%
EkwadorQuito
59%
WenezuelaCaracas
57%
ParagwajAsuncion
49%
BoliwiaLa Paz i Sucre
41%
GujanaGeorgetown
38%
Trynidad i TobagoPort of Spain
35%
Gujana FrancuskaKajenna
16%
SurinamParamaribio
5%

Rozkład punktacji

Percentyl według liczby udzielonych odpowiedzi

Procent ludzi z każdym wynikiem

Twoja historia wyników

Nie rozwiązałeś tego quizu